| 000 -ლიდერი |
| ფიქსირებული სიგრძის საკონტროლო ველი |
01343nam a2200241Ia 4500 |
| 001 - საკონტროლო ნომერი |
| საკონტროლო ველი |
7509 |
| 003 - საკონტროლო ნომრის იდენტიფიკატორი |
| საკონტროლო ველი |
GE_BSU |
| 005 - ბოლო ოპერაციის თარიღი და დრო |
| საკონტროლო ველი |
20200109164526.0 |
| 008 - ფიქსირებული სიგრძის მონაცემთა ელემენტები - ზოგადი ინფორმაცია |
| ფიქსირებული სიგრძის საკონტროლო ველი |
181216s2013||||ge |||||||||||||| ||geo|| |
| 020 ## - წიგნის საერთაშორისო სტანდარტული ნომერი |
| International Standard Book Number |
9789941220623 |
| 040 ## - კატალოგიზაციის წყარო |
| Transcribing agency |
GE_BSU |
| 041 ## - ენის კოდი |
| Language code of text/sound track or separate title |
geo |
| 080 ## - უნივერსალური ათობითი კლასიფიკაციის ინდექსი |
| Universal Decimal Classification number |
323.173 ლ-16 |
| 100 ## - მთავარი ჩანაწერი - პიროვნების სახელი |
| Personal name |
ლაზბა, ნატალია |
| 9 (RLIN) |
6054 |
| 245 ## - ცნობა სათაურის შესახებ |
| Title |
კონფლიქტოლოგიის საფუძვლები : |
| Remainder of title |
[სახელმძღვ. უმაღლ. სასწ. სტუდენტთათვის] / |
| Statement of responsibility, etc |
ნატალია ლაზბა ; რედ. მარინა იტრიაშვილი. |
| 264 ## - წარმოების, გამოცემის, დისტრიბუციის და სხვა ცნობები |
| გამოცემის, წარმოების, დისტრიბუციის... ადგილი |
თბილისი : |
| გამოცემის, წარმოების, დისტრიბუციის... სახელწოდება |
უნივერსალი, |
| გამოცემის, წარმოების, დისტრიბუციის... თარიღი |
2013. |
| 300 ## - ფიზიკური აღწერა |
| Extent |
204 გვ.; |
| Other physical details |
20 სმ. |
| 504 ## - BIBLIOGRAPHY, ETC. NOTE |
| Bibliography, etc |
ბიბლიოგრ.: გვ. 196-204. |
| 653 ## - INDEX TERM--UNCONTROLLED |
| Uncontrolled term |
კონფლიქტოლოგია |
| 700 ## - ADDED ENTRY--PERSONAL NAME |
| Personal name |
იტრიაშვილი, მარინა |
| Relator term |
რედაქტორი |
| 9 (RLIN) |
6055 |
| 710 ## - ADDED ENTRY--CORPORATE NAME |
| Corporate name or jurisdiction name as entry element |
ბათუმის შოთა რუსთაველის სახელმწ. უნ-ტი |
| Subordinate unit |
სოციალურ მეცნ., ბიზნესისა და სამართალმცოდნ. ფაკ-ტი, სოციალურ მეცნ. დეპარტამენტი |
| 9 (RLIN) |
6051 |
| 942 ## - ADDED ENTRY ELEMENTS (KOHA) |
| Koha item type |
წიგნი |
| Source of classification or shelving scheme |
|